|
|
|
|
| LEADER |
01348nam a2200325 a 4500 |
| 001 |
37681 |
| 003 |
BD-DhAAL |
| 005 |
20220210100808.0 |
| 008 |
220210t1993 nyu b s001 0 eng |
| 999 |
|
|
|c 43477
|d 43477
|
| 010 |
|
|
|a 92008122
|
| 020 |
|
|
|a 079141373X (alk. paper)
|
| 020 |
|
|
|a 0791413748
|
| 020 |
|
|
|a 9780791413746
|
| 040 |
|
|
|a DLC
|c DLC
|d DLC
|d BD-DhAAL
|
| 043 |
|
|
|a n-us---
|
| 050 |
0 |
0 |
|a LB2805
|b .E325 1993
|
| 082 |
0 |
0 |
|a 371.2/00973
|2 20
|
| 245 |
0 |
0 |
|a Educational administration in a pluralistic society /
|c edited by Colleen A. Capper.
|
| 260 |
|
|
|a Albany :
|b State University of New York Press,
|c c1993.
|
| 300 |
|
|
|a xiv, 323 pages ;
|c 23 cm.
|
| 490 |
|
|
|a SUNY series, social context of education
|
| 504 |
|
|
|a Includes bibliographical references and index.
|
| 541 |
|
|
|a Complimentary copy from BIED
|e 37681
|
| 650 |
|
0 |
|a School management and organization
|z United States.
|9 45642
|
| 650 |
|
0 |
|a School management and organization
|x Social aspects
|z United States.
|9 45643
|
| 700 |
1 |
|
|a Capper, Colleen A.,
|d 1960-
|9 45644
|
| 830 |
|
|
|a SUNY series, social context of education
|9 45645
|
| 942 |
|
|
|2 ddc
|c BK
|
| 952 |
|
|
|0 0
|1 0
|2 ddc
|4 0
|6 371_200973000000000_EDU
|7 0
|9 69747
|a BRACUL
|b BRACUL
|c GEN
|d 2022-02-10
|e Complimentary copy from BIED
|l 0
|o 371.200973 EDU
|p 3010037681
|r 2022-02-10
|t 1
|w 2022-02-10
|y BK
|x Transferred from BIED to General Stacks
|